Twenty One Pilots Self-Titled Album - Statistics

General Stats
  • This quiz has been taken 97 times
  • The average score is 12 of 14
Answer Stats
Hint Answer % Correct
1 Implicit Demand for Proof
91%
7 Johnny Boy
90%
3 The Pantaloon
88%
14 Isle of Flightless Birds
87%
12 Taxi Cab
87%
4 Addict With a Pen
86%
10 Trapdoor
86%
2 Fall Away
85%
8 Oh Ms Believer
83%
9 Air Catcher
81%
5 Friend, Please
81%
13 Before You Start Your Day
79%
6 March to the Sea
79%
11 A Car, A Torch, A Death
78%
No matching quizzes found
Score Distribution
Percent of People with Each Score
Percentile by Number Answered
Your Score History
You have not taken this quiz